000 00972nam a2200253 a 4500
001 BRCA_4773
005 20190320204810.0
008 081010c1967----ag-af#####---#000-0#spa-#
041 _aspa
044 _aag
050 4 _aND553
_b.P56
_c1967
245 1 0 _aJames Ensor
_cmonografía por Marcel de Maeyer ; traducción por Berta Senderey ; enfoque de actualidad, por Julio E. Payró.
260 _aArgentina
_bCodex
_c1967
300 _a1 v. (sin paginación)
_bil., 16 láminas a color
_c36 cm.
440 0 _aPinacoteca de los genios : la más grandiosa colección de arte del mundo
_v152
_912060
501 _aIncluye índice de ilustraciones y nómina de pintores publicados en pinacoteca de los genios
600 1 4 _aEnsor, James
_d1860-1949
_vCatálogos
_912061
650 1 4 _aPintura
_zArgentina
_912062
650 1 4 _aArte
_912063
700 1 _aMaeyer, Marcel de
_912064
700 1 _aPayró, Julio E.
_912065
700 1 _aSenderey, Berta
_etr.
_912066
942 _2lcc
_cB
999 _c4470
_d4470